[Event "Challenge"]
[Site "http://www.queenalice.com/game.php?id=138082"]
[Date "2006.12.7"]
[Round "-"]
[White "Theed"]
[Black "welchy"]
[Result "1-0"]
[WhiteElo "1805"]
[BlackElo "1500"]

1. d4 Nf6 2. c4 c5 3. Nf3 d5 4. cxd5 c4 5. Qa4+ Qd7 6. Qxc4 Nxd5 7. e4 Nb6 8.
Qb5 Qxb5 9. Bxb5+ Bd7 10. Bxd7+ N8xd7 11. O-O e6 12. Nc3 Bb4 13. Nb5 O-O 14. a3
Rfe8 15. axb4 Rec8 16. Rxa7 Rab8 17. Nd6 Rc7 18. Bf4 Ra8 19. Rxa8+ Nxa8 20. Rc1
Rxc1+ 21. Bxc1 b6 22. Nc4 Nc7 23. Nfe5 Nxe5 24. Nxe5 Kf8 25. Nd7+ Ke7 26. Nxb6
Nb5 27. d5 exd5 28. Nxd5+ Ke6 29. Nc3 Nd4 30. Be3 Nc2 31. Bc5 Kd7 32. f4 Kc6 33.
Kf2 f6 34. Ne2 Kb5 35. Nd4+ Nxd4 36. Bxd4 Kxb4 37. e5 fxe5 38. fxe5 1-0

[Event "Challenge"]
[Site "http://www.queenalice.com/game.php?id=142587"]
[Date "2006.12.17"]
[Round "-"]
[White "welchy"]
[Black "captainslog"]
[Result "1-0"]
[WhiteElo "1453"]
[BlackElo "1467"]

1. d4 Nf6 2. Nc3 e6 3. Nf3 Bb4 4. Bd2 d5 5. e3 O-O 6. Be2 c5 7. O-O c4 8. b3 Nc6
9. a3 Bd6 10. bxc4 Re8 11. c5 Bc7 12. Re1 b6 13. Bb5 Bd7 14. Ne5 Nxe5 15. dxe5
Bxe5 16. c6 Bc8 17. e4 Bxc3 18. Bxc3 Nxe4 19. Bb2 a5 20. c7 Qe7 21. Qg4 Rf8 22.
Qxg7# 1-0

[Event "Challenge"]
[Site "http://www.queenalice.com/game.php?id=143770"]
[Date "2006.12.19"]
[Round "-"]
[White "igorzz"]
[Black "welchy"]
[Result "1-0"]
[WhiteElo "1593"]
[BlackElo "1817"]

1. e4 c5 2. Nc3 Nf6 3. Bc4 e6 4. Nf3 Nc6 5. d3 Be7 6. Bg5 Nd4 7. h3 O-O 8. h4 h6
9. Be3 Ng4 10. Nxd4 Nxe3 11. fxe3 cxd4 12. exd4 Bxh4+ 13. Ke2 Qg5 14. Rg1 d5 15.
Bb3 e5 16. Kf1 exd4 17. Nxd5 Qg3 18. Qf3 Bg4 19. Qxg3 Bxg3 20. c3 Rae8 21. cxd4
f5 22. Ne3+ Kh7 23. Nxg4 fxg4+ 24. Ke2 Rf2+ 25. Ke3 Rxb2 26. Raf1 a5 27. Rf5 a4
28. Bxa4 Ra8 29. Bb3 Bh4 30. Rh1 Bf6 31. g3 Kg6 32. Rhf1 Rg2 33. Kf4 h5 34. Bd5
Ra5 35. Bf7+ Kxf7 36. Rxa5 Rb2 37. Rxh5 Bxd4 38. Kxg4+ Kg8 39. Rd5 Bf6 40. e5
Be7 41. Rd7 Ba3 42. e6 Re2 43. Rff7 Rxe6 44. Rxg7+ Kf8 45. Rxb7 Re7 46. Rh7 Rxb7
47. Rxb7 Be7 48. a4 Kf7 49. a5 1-0

[Event "Challenge"]
[Site "http://www.queenalice.com/game.php?id=146330"]
[Date "2006.12.26"]
[Round "-"]
[White "welchy"]
[Black "spawnwolfwolverine"]
[Result "1-0"]
[WhiteElo "1591"]
[BlackElo "1638"]

1. d4 d6 2. e4 e6 3. Nf3 c6 4. Bf4 Nf6 5. Nc3 Qa5 6. Bd3 Be7 7. O-O b6 8. Re1
Ba6 9. Bd2 Bxd3 10. cxd3 O-O 11. Nd5 Qxd2 12. Nxe7+ Kh8 13. Qxd2 d5 14. Rac1
dxe4 15. dxe4 Rd8 16. Nxc6 Nxc6 17. Rxc6 h6 18. Rc7 a5 19. Rxf7 b5 20. e5 Nd5
21. Nh4 Kg8 22. Rb7 g5 23. Nf3 b4 24. Nxg5 hxg5 25. Qxg5+ Kf8 26. Qg7+ Ke8 27.
Qg8# 1-0

[Event "Challenge"]
[Site "http://www.queenalice.com/game.php?id=147192"]
[Date "2006.12.28"]
[Round "-"]
[White "gabrielbrenner"]
[Black "welchy"]
[Result "0-1"]
[WhiteElo "1638"]
[BlackElo "1776"]

1. e4 c5 2. Nc3 Nf6 3. Nf3 Nc6 4. Bc4 e5 5. O-O d6 6. d3 Bg4 7. h3 Bh5 8. Nd5
Nd4 9. g4 Bg6 10. Bg5 h6 11. Nxf6+ gxf6 12. Bh4 Qd7 13. Bxf6 Rg8 14. c3 Ne6 15.
a4 Nf4 16. Kh2 h5 17. Rg1 Be7 18. Bxe7 Kxe7 19. Ng5 Rh8 20. Qb3 hxg4 21. Rxg4 f6
22. Be6 Nxe6 23. Nxe6 Bf7 24. Rg7 Qxe6 25. Qxb7+ Kf8 26. Rxf7+ Qxf7 27. Qxa8+
Kg7 28. Rg1+ Kh7 29. Qd5 Qxd5 30. exd5 Rb8 31. Rb1 a5 32. f3 Re8 33. Rg1 Rb8 34.
Rg2 Rc8 35. h4 c4 36. d4 exd4 37. cxd4 c3 38. Rc2 cxb2 39. Rxb2 Rc4 40. Rb5 Rxa4
41. Kg3 Kg6 42. f4 Rxd4 43. Rxa5 Kf5 44. h5 Rxf4 45. h6 Rg4+ 46. Kh3 Rg6 0-1

[Event "DING! Round 2..."]
[Site "http://www.queenalice.com/game.php?id=148103"]
[Date "2006.12.30"]
[Round "-"]
[White "Nerdling"]
[Black "welchy"]
[Result "0-1"]
[WhiteElo "1344"]
[BlackElo "1773"]

1. d4 d5 2. f3 Nf6 3. Nc3 Nc6 4. Bg5 Bf5 5. g4 Bg6 6. e3 h6 7. Bxf6 exf6 8. Qe2
Nb4 9. a3 Nxc2+ 10. Kd1 Nxa1 11. Nh3 Nb3 12. f4 Be7 13. f5 Bh7 14. Kc2 Na5 15.
b4 Nc4 16. e4 dxe4 17. Qxc4 O-O 18. Nxe4 Qd7 19. Ng3 Qa4+ 20. Kc3 Qxa3+ 21. Qb3
Qxb3+ 22. Kxb3 a5 23. Bc4 axb4 24. Ne4 Ra3+ 25. Kb2 Rxh3 26. Nc5 Rd8 27. Nxb7
Rxd4 28. Ra1 Rxc4 29. Ra8+ Bf8 30. g5 Bxf5 31. gxf6 Rg4 32. Rxf8+ Kxf8 33. Nc5
Rg2+ 34. Kc1 Rhxh2 35. Nd3 Rh1+ 36. Ne1 Rxe1# 0-1

[Event "Challenge"]
[Site "http://www.queenalice.com/game.php?id=148922"]
[Date "2007.1.1"]
[Round "-"]
[White "welchy"]
[Black "spawnwolfwolverine"]
[Result "1-0"]
[WhiteElo "1703"]
[BlackElo "1655"]

1. d4 e6 2. e4 d6 3. Nf3 c6 4. Nc3 Be7 5. Bd3 Nf6 6. O-O O-O 7. Bf4 d5 8. e5 Bb4
9. exf6 Bxc3 10. Bxh7+ Kxh7 11. Qd3+ g6 12. bxc3 Qxf6 13. Be5 Qf5 14. Rae1 Qxd3
15. cxd3 Nd7 16. Bd6 Re8 17. Ng5+ Kg7 18. Re3 b5 19. Rh3 Kf6 20. f4 Rh8 21. Rxh8
Bb7 22. Rh7 Nb6 23. Rxf7# 1-0

[Event "Challenge"]
[Site "http://www.queenalice.com/game.php?id=151589"]
[Date "2007.1.8"]
[Round "-"]
[White "spawnwolfwolverine"]
[Black "welchy"]
[Result "0-1"]
[WhiteElo "1684"]
[BlackElo "1773"]

1. d3 d5 2. b3 e5 3. Ba3 Ne7 4. Bxe7 Bxe7 5. e3 Nc6 6. Ne2 Bf5 7. Nbc3 d4 8.
exd4 Nxd4 9. Nxd4 Qxd4 10. Nb5 Qb4+ 11. Qd2 Qxb5 12. c3 Rd8 13. c4 Qd7 14. Be2
e4 15. d4 O-O 16. O-O Qxd4 17. Qxd4 Rxd4 18. g4 Bc8 19. Rad1 c5 20. Rxd4 cxd4
21. f3 e3 22. Kg2 f5 23. h3 f4 24. Rd1 Rd8 25. Bd3 Bb4 26. Ra1 Re8 27. a3 Bc3
28. Ra2 g6 29. c5 Be6 30. Bc4 Bxc4 31. bxc4 e2 32. Rxe2 Rxe2+ 33. Kf1 Re3 34. a4
d3 35. Kg2 d2 36. a5 d1=Q 37. h4 Qxf3+ 38. Kg1 Qg3+ 39. Kf1 Re1# 0-1

[Event "Challenge"]
[Site "http://www.queenalice.com/game.php?id=151590"]
[Date "2007.1.8"]
[Round "-"]
[White "welchy"]
[Black "spawnwolfwolverine"]
[Result "1-0"]
[WhiteElo "1739"]
[BlackElo "1666"]

1. d4 e6 2. Nf3 d5 3. Nc3 Nf6 4. Bg5 Be7 5. Ne5 O-O 6. e3 Ne4 7. Bxe7 Qxe7 8.
Nxe4 dxe4 9. Bc4 Nc6 10. O-O Nxe5 11. dxe5 c6 12. Qg4 f5 13. Qh5 b5 14. Bb3 c5
15. c4 bxc4 16. Bxc4 Rb8 17. b3 Qf7 18. Qh3 Qg6 19. f3 exf3 20. Rxf3 Qg4 21. Rd1
Qxh3 22. Rxh3 g6 23. Rd6 Rb6 24. Rd2 h5 25. Rg3 Kg7 26. Rg5 h4 27. g3 h3 28. Rf2
Kh6 29. Rg4 fxg4 30. Rxf8 Ba6 31. Rf4 Bxc4 32. Rxc4 Ra6 33. a4 Rb6 34. Rxg4 Rxb3
35. Rh4+ Kg5 36. Kf2 Kf5 37. Rxh3 c4 38. Rh4 c3 39. Rc4 Kxe5 40. Kf3 Kd5 41. Rc8
Ra3 42. h4 Rxa4 43. Rxc3 Rc4 44. Ra3 Rc7 45. g4 Rf7+ 46. Kg3 Ke4 47. h5 Rf3+ 48.
Kh4 gxh5 49. g5 Kf5 50. e4+ Kxe4 51. Rxf3 Kxf3 52. g6 e5 53. g7 e4 54. g8=Q e3
55. Qg3+ Ke4 56. Qe1 Kf3 57. Kh3 e2 58. Kh4 a6 59. Kxh5 a5 60. Qxa5 Kf2 61. Qd2
Kf1 62. Qf4+ Ke1 63. Kg4 Kd1 64. Qd4+ Ke1 65. Kf3 Kf1 66. Qf2# 1-0

[Event "Challenge"]
[Site "http://www.queenalice.com/game.php?id=158317"]
[Date "2007.1.24"]
[Round "-"]
[White "technicaldraw"]
[Black "welchy"]
[Result "1-0"]
[WhiteElo "2018"]
[BlackElo "1765"]

1. e4 c5 2. Nf3 Nc6 3. Bb5 Nf6 4. Nc3 e6 5. O-O a6 6. Bxc6 bxc6 7. d3 d5 8. Bf4
Bd6 9. Bxd6 Qxd6 10. e5 Qd8 11. exf6 Qxf6 12. Na4 O-O 13. Nxc5 Rb8 14. b3 Rb5
15. d4 Re8 16. Ne5 Qf4 17. Qf3 Qxf3 18. Nxf3 f6 19. a4 Rb8 20. Rfe1 h6 21. Re3
Kf7 22. Rae1 a5 23. h3 Re7 24. Nh4 Rb4 25. Nf5 Re8 26. Nd6+ Ke7 27. Nxe8 Kxe8
28. Nxe6 Kf7 29. Nc5 Rxd4 30. Ne6 Bxe6 31. Rxe6 Rd2 32. Rxc6 d4 33. Ra6 Rxc2 34.
Rxa5 Rb2 35. Rd1 Rxb3 36. Rxd4 Rb7 37. Rb5 Ra7 38. a5 Ke6 39. Rdb4 Ra8 40. Rb6+
Kf5 41. Ra4 Ke5 42. a6 Kd5 43. a7 Kc5 44. Rb8 Rxa7 45. Rxa7 g5 46. Rd8 Kc6 47.
Ra1 1-0

[Event "Challenge"]
[Site "http://www.queenalice.com/game.php?id=160521"]
[Date "2007.1.29"]
[Round "-"]
[White "welchy"]
[Black "stanislawski"]
[Result "0-1"]
[WhiteElo "1802"]
[BlackElo "1791"]

1. d4 d5 2. Nf3 Nf6 3. Bf4 c5 4. e3 e6 5. Bd3 Nc6 6. O-O Bd6 7. Bb5 Bxf4 8. exf4
cxd4 9. Nxd4 Bd7 10. Nc3 O-O 11. Nce2 Ne8 12. Qd3 Nd6 13. Ba4 Nxd4 14. Bxd7
Nxe2+ 15. Qxe2 Qxd7 16. Rad1 Qb5 17. Qe5 Nc4 18. b3 Nxe5 19. fxe5 Qe2 20. Rfe1
Qxc2 0-1

[Event "Challenge"]
[Site "http://www.queenalice.com/game.php?id=161054"]
[Date "2007.1.30"]
[Round "-"]
[White "welchy"]
[Black "Sidinei"]
[Result "0-1"]
[WhiteElo "1753"]
[BlackElo "2030"]

1. d4 Nf6 2. Nc3 d5 3. Bf4 e6 4. Nf3 Be7 5. e3 O-O 6. Bd3 Nbd7 7. O-O Nh5 8. Ne5
Nxf4 9. exf4 c5 10. Ne2 Nxe5 11. fxe5 c4 12. Bxh7+ Kxh7 13. Ng3 Qb6 14. Qh5+ Kg8
15. c3 Qxb2 16. Rfb1 Qxc3 17. Rd1 Qc2 18. Rdc1 Qh7 19. Qg4 Qh4 20. Qf3 Qxd4 21.
Re1 Qh4 22. Rad1 Bc5 23. Rf1 Bd4 24. Rfe1 Bc5 25. Rc1 Bd7 26. Rb1 Rab8 27. Rb2
Bc6 28. Rbe2 d4 29. Qh5 Qxh5 30. Nxh5 d3 31. Rb2 c3 32. h3 cxb2 33. Rb1 d2 34.
Ng3 Rbd8 35. Rd1 Ba4 36. Rb1 d1=Q+ 0-1

[Event "Challenge"]
[Site "http://www.queenalice.com/game.php?id=162831"]
[Date "2007.2.2"]
[Round "-"]
[White "welchy"]
[Black "Chessmachado"]
[Result "1-0"]
[WhiteElo "1764"]
[BlackElo "1710"]

1. d4 Nf6 2. Nc3 e6 3. e4 d5 4. e5 Ne4 5. Bd3 Nxc3 6. bxc3 c5 7. Nf3 Nc6 8. O-O
Be7 9. Ba3 c4 10. Bxe7 Qxe7 11. Be2 O-O 12. Nd2 f6 13. Nf3 fxe5 14. Nxe5 Nxe5
15. dxe5 b5 16. Qd4 Bd7 17. g3 a5 18. Bh5 Be8 19. Bg4 Bd7 20. f4 Rac8 21. Rab1
Qc5 22. Qxc5 Rxc5 23. Rb2 Rc7 24. Ra1 a4 25. Rb4 Rb7 26. Bh5 Be8 27. Bxe8 Rxe8
28. Rab1 Reb8 29. Rf1 Rf7 30. Kg2 h6 31. Rfb1 Rfb7 32. Kf3 g6 33. h4 Kg7 34. Kg4
Kf7 35. h5 Kg7 36. hxg6 Kxg6 37. Rf1 Rf8 38. Rh1 Rh8 39. Rf1 Rf8 40. Rbb1 h5+
41. Kf3 Kf5 42. Rh1 Rh8 43. Rbg1 Rg7 44. Rh4 Rgh7 45. Rb1 Rb7 46. Ke3 Rbb8 47.
Kd4 Rbg8 48. Rg1 Rg4 49. Ke3 Rgg8 50. Kf3 Rg4 51. Rgh1 d4 52. cxd4 b4 53. Rxh5+
Rxh5 54. Rxh5+ Kg6 55. Kxg4 b3 56. cxb3 c3 57. bxa4 c2 58. Rh1 1-0

[Event "Challenge"]
[Site "http://www.queenalice.com/game.php?id=163439"]
[Date "2007.2.4"]
[Round "-"]
[White "spawnwolfwolverine"]
[Black "welchy"]
[Result "1-0"]
[WhiteElo "1717"]
[BlackElo "1761"]

1. d3 d5 2. e3 e5 3. c3 Nf6 4. Be2 Nc6 5. a3 Bd6 6. Nf3 O-O 7. O-O Bg4 8. b4 e4
9. dxe4 dxe4 10. Nd4 Bxe2 11. Qxe2 Qd7 12. Nxc6 Qxc6 13. a4 Rad8 14. b5 Qd7 15.
Ba3 Bxa3 16. Nxa3 Qe6 17. c4 Qe5 18. Nc2 Nh5 19. g3 Rd6 20. a5 g6 21. Nd4 c5 22.
Nb3 f5 23. f4 Qc3 24. Nxc5 Rd2 25. Qe1 Rfd8 26. Nxb7 R8d3 27. Rc1 Rc2 28. Qxc3
Rdxc3 29. Rxc2 Rxc2 30. Rd1 Rxc4 31. Rd8+ Kg7 32. Ra8 Rb4 33. Rxa7 Kh6 34. Nd6
Rb3 35. Ra6 Rxe3 36. Nxf5# 1-0

[Event "Challenge"]
[Site "http://www.queenalice.com/game.php?id=164634"]
[Date "2007.2.7"]
[Round "-"]
[White "gummino"]
[Black "welchy"]
[Result "1-0"]
[WhiteElo "2066"]
[BlackElo "1768"]

1. e4 c5 2. Nf3 Nc6 3. d4 d6 4. d5 Ne5 5. Nxe5 dxe5 6. Qh5 Qd6 7. Bb5+ Bd7 8.
Bxd7+ Qxd7 9. Qxe5 f6 10. Qg3 e5 11. Nc3 c4 12. Be3 Bb4 13. O-O Nh6 14. Rab1 b6
15. a3 Bc5 16. Bxh6 gxh6 17. Qh4 O-O-O 18. Qxf6 Rhg8 19. g3 Bd6 20. Qxh6 Rg6 21.
Qh5 Rdg8 22. b3 Qe7 23. Nb5 Bc5 24. b4 Bd6 25. Qe2 Bb8 26. Qxc4+ Kb7 27. Qe2 Rh6
28. Qf3 Ka6 29. c4 Rgg6 30. c5 Kxb5 31. Qe2+ Ka4 32. Qa6# 1-0

[Event "Challenge"]
[Site "http://www.queenalice.com/game.php?id=164925"]
[Date "2007.2.7"]
[Round "-"]
[White "BboyH"]
[Black "welchy"]
[Result "0-1"]
[WhiteElo "1695"]
[BlackElo "1743"]

1. e4 c5 2. Nf3 Nc6 3. c3 d5 4. Bd3 Bg4 5. h3 Bh5 6. g4 Bg6 7. Qe2 Nf6 8. exd5
Qxd5 9. Bxg6 hxg6 10. d3 Nxg4 11. hxg4 Rxh1+ 12. Kd2 Rd8 13. c4 Qxc4 14. Na3
Qf4+ 15. Kc2 Qb4 16. Bd2 Qa4+ 17. b3 Qxa3 18. Rxh1 Qxa2+ 19. Kc3 Nd4 20. Nxd4
Rxd4 21. Rc1 b5 22. Rc2 b4# 0-1

[Event "Challenge"]
[Site "http://www.queenalice.com/game.php?id=167534"]
[Date "2007.2.12"]
[Round "-"]
[White "Germano"]
[Black "welchy"]
[Result "1-0"]
[WhiteElo "2230"]
[BlackElo "1734"]

1. f4 d5 2. b3 Nf6 3. e3 Nc6 4. Nf3 Bg4 5. Bb5 e6 6. Bb2 a6 7. Bxc6+ bxc6 8. O-O
Bc5 9. Qe1 O-O 10. Ne5 Bf5 11. Nxc6 Qd6 12. Ne5 Rad8 13. d4 Bb6 14. c4 Ne4 15.
g4 f6 16. c5 Nxc5 17. gxf5 fxe5 18. fxe5 Qe7 19. f6 gxf6 20. dxc5 Bxc5 21. exf6
Qd6 22. Nd2 Rd7 23. Rd1 Rdf7 24. Ne4 Qb6 25. Qg3+ Kh8 26. Qg7+ Rxg7+ 27. fxg7+
Kg8 28. gxf8=R+ Bxf8 29. Nf6+ Kh8 30. Nd7+ Kg8 31. Rxf8# 1-0

[Event "Challenge"]
[Site "http://www.queenalice.com/game.php?id=172148"]
[Date "2007.2.21"]
[Round "-"]
[White "Tonyc"]
[Black "welchy"]
[Result "1-0"]
[WhiteElo "1807"]
[BlackElo "1775"]

1. e4 e5 2. Nf3 Nc6 3. Bc4 Nf6 4. Ng5 d5 5. Bb3 Be6 6. Nxe6 fxe6 7. d3 Bc5 8.
Nc3 Nd4 9. O-O O-O 10. Bg5 Be7 11. Bxf6 Bxf6 12. exd5 Re8 13. dxe6 Nxe6 14. Ne4
Kf8 15. Qh5 h6 16. Rae1 Qe7 17. Nxf6 Qxf6 18. Rxe5 Nf4 19. Rxe8+ Rxe8 20. Qc5+
Qd6 21. Qf5+ Qf6 22. Qxf6+ gxf6 23. h3 b5 24. Kh2 Re5 25. d4 Rg5 26. g3 Ne2 27.
c3 Kg7 28. Re1 Nxg3 29. Re7+ Kf8 30. Rxc7 Ne4 31. f4 Rf5 32. Rxa7 Rxf4 33. Bd5
Ng5 34. Kg3 Rf5 35. Bc6 Nf7 36. Ra5 Nd6 37. a4 Rg5+ 38. Kf4 Rf5+ 39. Kg4 Rg5+
40. Kf4 Kg7 41. Ra7+ Kg6 42. Bxb5 Rf5+ 43. Ke3 Rh5 44. Bd3+ Nf5+ 45. Bxf5+ Rxf5
46. a5 Rh5 47. a6 Rxh3+ 48. Kd2 Rh2+ 49. Kc1 Rh1+ 50. Kc2 Ra1 51. d5 h5 52. d6
Ra5 53. d7 1-0

[Event "Challenge"]
[Site "http://www.queenalice.com/game.php?id=174142"]
[Date "2007.2.26"]
[Round "-"]
[White "welchy"]
[Black "BboyH"]
[Result "1-0"]
[WhiteElo "1749"]
[BlackElo "1657"]

1. d4 Nf6 2. Nc3 d5 3. Bf4 Nc6 4. e3 a6 5. Nf3 Bg4 6. Be2 e6 7. Ne5 Bf5 8. Bd3
Ne7 9. O-O c6 10. Na4 b6 11. Qd2 a5 12. Qc3 b5 13. Nc5 b4 14. Qd2 Ne4 15. Nxe4
Bxe4 16. a3 f6 17. Nf3 Bxf3 18. gxf3 g5 19. Bg3 Nc8 20. axb4 Bxb4 21. c3 Be7 22.
b4 Nd6 23. Qb2 Nc4 24. Bxc4 dxc4 25. Rfb1 axb4 26. cxb4 O-O 27. b5 c5 28. b6 Bd6
29. dxc5 Bxg3 30. fxg3 Qd5 31. Kg2 Qxc5 32. b7 Rab8 33. Ra4 e5 34. Rba1 Qc6 35.
Rb4 e4 36. Ra8 exf3+ 37. Kf2 c3 38. Qb3+ Kh8 39. Rc4 Qd6 40. Rxc3 g4 41. Qb2 h5
42. Rc8 h4 43. Raxb8 hxg3+ 44. hxg3 1-0

[Event "Challenge"]
[Site "http://www.queenalice.com/game.php?id=179094"]
[Date "2007.3.9"]
[Round "-"]
[White "Nelson"]
[Black "welchy"]
[Result "1-0"]
[WhiteElo "2220"]
[BlackElo "1749"]

1. e4 c5 2. Nf3 Nf6 3. e5 Nd5 4. c4 Nb6 5. d4 d6 6. dxc5 dxc5 7. Qxd8+ Kxd8 8.
Be3 N6d7 9. Nc3 Nc6 10. e6 fxe6 11. Ng5 Nde5 12. O-O-O+ Ke8 13. Nb5 Bd7 14. Nc7+
Kd8 15. Nxa8 Kc8 16. f4 Ng4 17. Bxc5 Be8 18. Nxe6 Kb8 19. Nac7 Nf6 20. Nxe8 Nxe8
21. g3 g6 22. Bg2 Bh6 23. Bxc6 Nd6 24. Bg2 Rc8 25. Rxd6 exd6 26. Bxd6+ Ka8 27.
Nc5 a6 28. Bxb7+ Ka7 29. Bxc8 Bg7 30. Re1 Bd4 31. Re7+ Kb6 32. Na4+ Kc6 33. Bb4
h5 34. Bb7# 1-0

[Event "Challenge"]
[Site "http://www.queenalice.com/game.php?id=179781"]
[Date "2007.3.10"]
[Round "-"]
[White "welchy"]
[Black "kloosterveen"]
[Result "1-0"]
[WhiteElo "1734"]
[BlackElo "1604"]

1. d4 d5 2. Nf3 g6 3. Nc3 e6 4. e4 dxe4 5. Nxe4 Bg7 6. c3 b6 7. Bc4 Bb7 8. Bd3
Nf6 9. O-O O-O 10. Re1 Nxe4 11. Bxe4 Bxe4 12. Rxe4 Qd5 13. Rh4 Nd7 14. Bh6 Nf6
15. Ne5 Bxh6 16. Rxh6 Kg7 17. Rh3 c5 18. dxc5 Qxe5 19. Qf3 Qxc5 20. Qf4 h5 21.
Rf3 Nd5 22. Qh4 Rac8 23. Rf1 Qb5 24. Rg3 Qxb2 25. Qxh5 Qxa2 26. Qe5+ Nf6 27. Rf3
Kg8 28. Qxf6 Rc5 29. Rh3 Rh5 30. Rxh5 gxh5 31. Qg5+ Kh7 32. Qxh5+ Kg7 33. Qe5+
Kg6 34. g3 Qa5 35. Qe4+ Kf6 36. Re1 Qxc3 37. Qf4+ Ke7 38. Rc1 Qa5 39. Rc7+ Kd8
40. Qd6+ 1-0

[Event "Welchy's revenge"]
[Site "http://www.queenalice.com/game.php?id=205996"]
[Date "2007.5.4"]
[Round "-"]
[White "technicaldraw"]
[Black "welchy"]
[Result "1-0"]
[WhiteElo "2060"]
[BlackElo "1780"]

1. e4 e5 2. Nf3 Nc6 3. Bb5 d6 4. d4 Bd7 5. Nc3 Nf6 6. O-O Be7 7. Bxc6 Bxc6 8.
Re1 O-O 9. d5 Bd7 10. h3 Nh5 11. Nxe5 dxe5 12. Qxh5 Bf6 13. Be3 g6 14. Qe2 Bg7
15. Nd1 f5 16. Bc5 Kh8 17. Bxf8 Qxf8 18. c4 f4 19. Nc3 a6 20. a3 Qe7 21. b4 Rf8
22. f3 Qg5 23. Kh1 Qg3 24. Rf1 g5 25. Qf2 Rf6 26. Qxg3 fxg3 27. Ne2 Rh6 28. Nxg3
Bf6 29. Nf5 Bxf5 30. exf5 Be7 31. g4 Rxh3+ 32. Kg2 Rh6 33. Rh1 Rb6 34. Rae1 Bf6
35. Rh6 Kg7 36. Reh1 Kg8 37. Rxh7 Rd6 38. Rxc7 b6 39. Rhh7 b5 40. Rhd7 Rxd7 41.
Rxd7 bxc4 42. Rc7 e4 43. fxe4 c3 44. d6 1-0